[Event "VIE-ch U09"]
[Site "Hai Phong"]
[Date "2018.07.11"]
[Round "7"]
[White "Ho, Dang Nhat Minh"]
[Black "Le, Quang Manh"]
[Result "0-1"]
[WhiteElo "1952"]
[BlackElo "1916"]
[PlyCount "120"]
[EventDate "2018.07.07"]
[EventType "swiss"]
[EventRounds "9"]
[EventCountry "VIE"]
[SourceTitle "EXT 2019"]
[Source "ChessBase"]
[SourceDate "2018.10.10"]
[SourceVersion "1"]
[SourceVersionDate "2018.10.10"]
[SourceQuality "1"]

1. d4 c5 2. d5 d6 3. c4 g6 4. Bd2 Bg7 5. Bc3 Nf6 6. Nf3 0-0 7. g3 Nbd7 8. Bg2 Nb6 9. b3 Bd7 10. 0-0 a5 11. a4 Ra7 12. Na3 Na8 13. Nb5 Bxb5 14. axb5 b6 15. Nd2 Qc8 16. e4 Nc7 17. e5 Nd7 18. Bh3 dxe5 19. Ne4 f5 20. Nd2 e6 21. dxe6 Nxe6 22. b4 cxb4 23. Bxb4 Re8 24. Bg2 Ndc5 25. Bc6 Rd8 26. Bd5 Kh8 27. Nb3 Nxb3 28. Qxb3 Nd4 29. Qd1 Rad7 30. Ba3 Nxb5 31. Qb3 Nxa3 32. Rxa3 Qc5 33. Re1 Bf8 34. Raa1 Bd6 35. Be6 Re7 36. Bd5 Qb4 37. Qxb4 Bxb4 38. Red1 Red7 39. Bf3 Rxd1+ 40. Rxd1 Rxd1+ 41. Bxd1 Kg7 42. Kf1 Kf6 43. Ke2 Ke6 44. Kd3 Kd6 45. f3 Bc5 46. h3 Kc6 47. Ba4+ Kd6 48. g4 fxg4 49. fxg4 h5 50. gxh5 gxh5 51. Ke4 Ke6 52. Bd1 h4 53. Bg4+ Kd6 54. Bd1 Bd4 55. Ba4 Kc5 56. Bb5 Kb4 57. Kf3 a4 58. Bxa4 Kxa4 59. Kg4 Bf2 60. Kf5 Bg3 0-1